Từ điển Hóa học Anh-Việt
Đã lưu trong:
| Príomhúdar: | |
|---|---|
| Formáid: | Neamhaithnid |
| Teanga: | English |
| Foilsithe: |
NXB TỔNG HỢP
1991
|
| Ábhair: | |
| Clibeanna: |
Cuir Clib Leis
Gan Chlibeanna, Bí ar an gcéad duine leis an taifead seo a chlibeáil!
|
| Thư viện lưu trữ: | Mạng thư viện Đại học Đà Nẵng |
|---|
| LEADER | 00998ca a2200301 4500 | ||
|---|---|---|---|
| 001 | 000032350 | ||
| 003 | 8432 | ||
| 005 | 20151026000000.0 | ||
| 008 | 151002s1991 000 eng | ||
| 041 | |a eng | ||
| 082 | |a 423 |b NG-B | ||
| 100 | |a Nguyễn Trọng Biều | ||
| 245 | |a Từ điển Hóa học Anh-Việt |c Nguyễn Trọng Biều | ||
| 260 | |a NXB TỔNG HỢP |c 1991 | ||
| 650 | |a Từ điển Hóa học Anh-Việt, Nguyễn Trọng Biều | ||
| 852 | |b Đọc |c TỪ ĐIỂN | ||
| OWN | |a LNN | ||
| AVA | |a UDN50 |b LNN |d 423 NG-B |e available |t Error 5001 Not defined in file expand_doc_bib_avail. |f 1 |g 0 |h N |i 0 |k 1 | ||
| 999 | |a From the UDN01 | ||
| AVA | |a UDN50 |b LNN |d 423 NG-B |e available |t Error 5001 Not defined in file expand_doc_bib_avail. |f 1 |g 0 |h N |i 0 |k 1 | ||
| TYP | |a Printed language | ||
| 980 | |a Mạng thư viện Đại học Đà Nẵng | ||